[Event "Torino Province-ch"]
[Site "Torino"]
[Date "2016.02.16"]
[Round "4"]
[White "Longo, Enrico"]
[Black "Femia, Nicola"]
[Result "0-1"]
[WhiteElo "1756"]
[BlackElo "1835"]
[PlyCount "118"]
[EventDate "2016.01.26"]
[EventType "swiss"]
[EventRounds "7"]
[EventCountry "ITA"]
[SourceTitle "EXT 2018"]
[Source "ChessBase"]
[SourceDate "2017.10.13"]
[SourceVersion "1"]
[SourceVersionDate "2017.10.13"]
[SourceQuality "1"]

1. e4 c5 2. Nf3 d6 3. d4 cxd4 4. Nxd4 Bd7 5. Nc3 a6 6. Be3 Nf6 7. f3 g6 8. Qd2 Nc6 9. Nb3 Bg7 10. Be2 0-0 11. 0-0 Rc8 12. Rad1 b5 13. a3 Ne5 14. Bh6 Nc4 15. Bxc4 Rxc4 16. Bxg7 Kxg7 17. Ne2 Qc7 18. c3 Rc8 19. Qe3 e5 20. Rf2 Be6 21. Nd2 Rc6 22. Ng3 h6 23. Re1 a5 24. Ne2 Qb7 25. g4 Bxg4 26. Rg2 Be6 27. Ng3 Qb6 28. h4 Qxe3+ 29. Rxe3 Kh7 30. Ne2 Bc4 31. Nc1 Nh5 32. Nxc4 Rxc4 33. Nd3 f5 34. Ree2 f4 35. Rd2 Ng3 36. Kh2 Kg7 37. Kg1 Kf7 38. Nf2 Ke6 39. Ng4 b4 40. axb4 axb4 41. Rxg3 fxg3 42. Kg2 bxc3 43. bxc3 Rxc3 44. Kxg3 h5 45. Nf2 Rf8 46. Rd3 Rxd3 47. Nxd3 Rc8 48. Nb4 Rc5 49. Nd3 Rc4 50. Nf2 d5 51. exd5+ Kxd5 52. Nh3 Ra4 53. Ng5 Ra1 54. Ne4 Kd4 55. Kf2 Ra2+ 56. Kg3 Ke3 57. Nf6 Rd2 58. Ne4 Rd1 59. Ng5 Rg1+ 0-1

[Event "Monte Sabotino op"]
[Site "Torino"]
[Date "2012.11.13"]
[Round "2"]
[White "Femia, Nicola"]
[Black "Liviabella, Lucio"]
[Result "1-0"]
[WhiteElo "1826"]
[BlackElo "1570"]
[PlyCount "60"]
[EventDate "2012.11.06"]
[EventType "swiss"]
[EventRounds "7"]
[EventCountry "ITA"]
[SourceTitle "EXT 2015"]
[Source "ChessBase"]
[SourceDate "2014.11.20"]
[SourceVersion "1"]
[SourceVersionDate "2014.11.20"]
[SourceQuality "1"]

1. d4 b6 2. e4 Bb7 3. Bd3 g6 4. c4 Bg7 5. Nf3 d6 6. 0-0 Nf6 7. Nc3 0-0 8. h3 Nbd7 9. Bf4 Nh5 10. Bh2 c5 11. d5 Bc8 12. Re1 Re8 13. e5 dxe5 14. Nxe5 Nxe5 15. Bxe5 Nf6 16. Nb5 Nd7 17. Bc7 a6 18. Bxd8 axb5 19. Bc7 bxc4 20. Bxc4 Ra7 21. Bg3 Bf6 22. Bb5 Bd4 23. Bxd7 Rxd7 24. Be5 Rxd5 25. Bxd4 Rxd4 26. Qb3 Red8 27. Qxb6 R4d5 28. Rf1 e6 29. Rac1 R8d6 30. Qb8 Rc6 1-0